000 00937nam a22002417a 4500
005 20240530110953.0
008 201005s2010 ua f 000 0 ara d
040 _aEG-CaGPL
_cEG-CaGPL
082 0 4 _221
_a657.6 /
_bس م
100 0 _aسعود جايد العامرى
245 1 0 _aالمحاسبة الدولية :
_bمنهج علمى للمشاكل المحاسبية وحلولها /
_cتاليف سعود جايد العامرى
250 _aط.1
260 _aالاردن :
_bدار المناهج للنشر والتوزيع،
_c2010
300 _a543 ص. ؛
_c24 سم.
650 0 7 _2qrmak
_aالادارة المالية
650 0 7 _2qrmak
_aالتقارير المالية
650 0 7 _2qrmak
_aالمحاسبة المالية
650 0 7 _2qrmak
_aمراجعة الحسابات
650 0 7 _aالمحاسبة الدولية
651 _2qrmak
942 _2ddc
_cBK
999 _c67048
_d67048